Beer and Wine Production : Analysis, Characterization, and Technological Advances /

Salvato in:
Dettagli Bibliografici
Autori principali: Gump, Barry H (Autore), Pruett, David J (Autore)
Natura: Libro
Lingua:inglese
Pubblicazione: Washington : American Chemical Society, 1993
Serie:ACS Symposium Series Vol.536
Tags: Aggiungi Tag
Nessun Tag, puoi essere il primo ad aggiungerne!!

MARC

LEADER 00000nam a22000003a 4500
001 stu23116
005 20150617225747.1
008 950328s1993----xxu-----------------eng-d
020 |a 0-8412-2714-4 
040 |a STU  |b slo 
041 0 |a eng 
044 |a xxu 
080 |a 663.2+663.4  |7 A000003893 
100 1 |a Gump, Barry H  |4 aut 
245 1 |a Beer and Wine Production :  |b Analysis, Characterization, and Technological Advances /  |c [aut.]Gump,Barry H., Pruett,David J 
260 |a Washington :  |b American Chemical Society,  |c 1993 
300 |a 275 s :  |b Tab.,grafy,lit.,index 
700 1 |a Pruett, David J  |4 aut 
830 0 |a ACS Symposium Series  |g 823  |v Vol.536 
996 |b C93530  |c C*93530  |l CCXV  |s P  |a 0  |w stu23116_0001